Plotinus: the road to reality

Saved in:
Bibliografiske detaljer
Hovedforfatter: Rist, J. M (Author)
Format: Bog
Sprog:engelsk
Udgivet: Londres Cambridge University 1967
Fag:
Tags: Tilføj Tag
Ingen Tags, Vær først til at tagge denne postø!

MARC

LEADER 00000nam a2200000 a 4500
001 UCZ4676
003 CL-VaPUC
008 951110e19670000UK |||||||||||||||||eng|d
082 0 4 |a 186.4  |b RIS  |2 21 
100 0 |a Rist, J. M  |e author  |9 348692 
245 1 0 |a Plotinus: the road to reality 
300 |a 279 p 
942 |c BK 
945 |d 19951110 00:00:00  |a lriquelm 
260 |a Londres  |b Cambridge University  |c 1967 
600 0 |a Dios  |9 314467 
650 0 |a Neoplatonismo  |9 265877 
650 7 |a DOCTRINAS  |2 CL-VaPUC  |9 317761 
650 0 |a Realismo  |9 259117 
650 0 |a Creencia Religiosa  |9 316904 
650 0 |a Misticismo  |9 265505 
650 0 |a Estética   |9 264950 
650 0 |a Teología   |9 258766 
583 |a last modification  |c 19951110 00:00:00  |k Rodrigo Vera 
999 |c 241044  |d 241042 
952 |0 0  |1 0  |4 0  |6 186_400000000000000_RIS_1967  |7 0  |8 P  |9 253192  |a BIBEDU  |b BIBEDU  |c BIBEDU_PB  |d 2019-11-19  |i 1597205  |o 186.4 RIS 1967  |p 1597205  |r 2024-01-25  |w 2019-11-19  |y BK  |k FIL